| 000 | 00404 a2200145 4500 | ||
|---|---|---|---|
| 001 | ART_48504 | ||
| 005 | 20260410162042.0 | ||
| 008 | 260409a | ||
| 245 | 1 | 0 | _aRegímenes de anticipos de impuestos |
| 100 | 1 | _aFano, Diego G. | |
| 700 | 1 | _aOubiña, Gabriel H. | |
| 700 | 1 | _aDi Giorgio, Saverio | |
| 700 | 1 | _aMarín, Antonio | |
| 773 | 0 |
_tImpuestos _g- N°46 (feb. 2019) _wREV45175 |
|
| 999 |
_c34969 _d34969 |
||